Stati che terminano con la D - Statistics

Statistiche generali
  • Questo quiz è stato fatto 55 volte
  • Il punteggio medio è 3 su 5
Statistiche sulle risposte
Superficie (km²) Popolazione (ab.) Stato % Corretto
1 284 000 16 244 513 Ciad
88%
100 210 51 354 626 Corea del Sud
56%
120 540 25 550 000 Corea del Nord
53%
644 329 13 249 924 Sudan del Sud
37%
25 713 2 076 255 Macedonia del Nord
26%
Nessun quiz corrispondente trovato
Distribuzione punteggi
Percentuale di utenti per punteggio
Percentile per numero di risposta
I tuoi punteggi nel tempo
Non hai fatto questo quiz